000 00339nam a2200133 a 4500
008 110428s1987|||| d
260 _c1987
_aBratislava
_bSPN
020 _c55
044 _axo
_cSK
041 _aslo
100 1 _aStano, Mikuláš
245 1 0 _aPoľsko-Slovenský a Slovensko-Poľský slovník
700 1 _aBuffa, Ferdinand
999 _c19263
_d19263